| 000 | 00611nam a2200181Ia 4500 | ||
|---|---|---|---|
| 008 | 100920s9999 xx 000 0 und d | ||
| 082 |
_b51362 _a200 थ 80 |
||
| 100 | _aहोनमुटे सूर्यकांत शंकर. | ||
| 245 | _aअभंगशतक भाग 1. | ||
| 260 |
_bजयदीप प्रकाशन, सोलापूर. _c1980 |
||
| 300 |
_a36 _bसाधी |
||
| 365 | _b5 | ||
| 520 | _aधार्मिक. | ||
| 630 | _aअभंगशतक भाग 1. | ||
| 650 | _aधार्मिक. | ||
| 730 | _aअभंगशतक भाग 1. | ||
| 942 | _cBOOK | ||
| 999 |
_c697212 _d697209 |
||